2023-24 NHL PLAYER BY PICTURE #6 - Statistics

General Stats
  • This quiz has been taken 175 times
  • The average score is 10 of 16
Answer Stats
Picture Answer % Correct
Connor Bedard
97%
Jason Robertson
88%
Kirill Kaprizov
87%
Darnell Nurse
82%
Jonathan Huberdeau
71%
Alexis Lafreniere
66%
Linus Ullmark
65%
Vladimir Tarasenko
62%
Matt Boldy
61%
Jaccob Slavin
58%
Noah Dobson
54%
Boone Jenner
52%
Valeri Nichushkin
52%
MacKenzie Weegar
42%
Torey Krug
41%
Cam Fowler
36%
No matching quizzes found
Score Distribution
Percent of People with Each Score
Percentile by Number Answered
Your Score History
You have not taken this quiz